| 000 | 00701nam a2200229 i 4500 | ||
|---|---|---|---|
| 001 | 124351 | ||
| 003 | ES-MaACL | ||
| 005 | 20250817210227.0 | ||
| 007 | t| | ||
| 008 | 070322s1926 sp ||||1| spa d | ||
| 100 | 1 |
_aKoch, Herbert. _968400 |
|
| 245 | 1 | 0 |
_aArte romano / _cpor Herbert Koch ; traducción de Ernesto Martínez Ferrando. |
| 260 |
_aBarcelona : _bLabor, _c[1926] |
||
| 300 |
_a134 p., XXXVI de lám. : _bil. ; _c17 cm. |
||
| 490 | 1 |
_aColección Labor ; _v94 |
|
| 650 | 1 | 7 |
_aArte romano _2embne _910314 |
| 700 | 1 |
_aMartínez Ferrando, Ernest, _d1891-1965 _978083 |
|
| 830 | 0 | 0 |
_aColección Labor _v94 _9184254 |
| 852 |
_aES-MaACL _jE-2629 |
||
| 942 | _2udc | ||
| 999 |
_c124351 _d124351 |
||